00197nam a2200073Ia 4500082001200000245002200012100004800034008004100082 aAF REIT 0aWee van die hart  a REITZ, Aletta Pretoria, 2007 2de druk 210816s9999 xx 000 0 und d